00346pab a2200121 454500008004000000100001800040245008500058260000900143300001100152362001000163650002000173773003100193180718b1988 xxu||||| |||| 00| 0 eng d aZorn, Peter M aAn analysis of household mobility and tenure choicebAn empirical study of Korea c1988 a113-28 aSept. aHousing - Korea aJournal of Urban Economics